000 00587cas a2200181 4500
008 170321n eng u
020 _a1578811074
035 _a(Sirsi) a201865
050 _aQP 141 PRE 2001
245 _aPresent knowledge in nutrition/
_cedited by Barbara A. Bowman and Robert M. Russell
250 _a8th ed.
260 _aWashington D.C:
_bInternational Life Sciences Institute,
_c2001
300 _axiv, 805p.:
_bill.
504 _aIncludes bibliographical references.
650 _aNutrition
700 _aBowman, Barbara A.
700 _aRussell, Robert M.
999 _c50446
_d50446